| 000 | 00718nam a2200241Ia 4500 | ||
|---|---|---|---|
| 003 | OSt | ||
| 005 | 20221006164714.0 | ||
| 006 | a|||||r|||| 00| 0 | ||
| 007 | ta | ||
| 008 | 221006b |||||||| |||| 00| 0 hin d | ||
| 024 | _a5,266 | ||
| 037 | _cTextual | ||
| 040 |
_aFML _cFML _bhin |
||
| 041 |
_2hin _ahin |
||
| 082 | _aNR44g7M97, L1 -; 1 | ||
| 100 |
_aDixit Bhupendra Nath Au. _9678152 |
||
| 245 | 0 | _aVageyekaar Pt. Omkarnath Thakur | |
| 260 |
_aVaranasi _bKashi Hindi Vishvsvavidyalaya India _c1971 |
||
| 300 |
_a319 _ccm. |
||
| 700 |
_a Kumar Pradeep Au. _9550702 |
||
| 942 |
_hNR44g7M97, L1 -; 1 _cTEXL _2CC |
||
| 999 |
_c1118180 _d1118180 |
||